[Event "Euskadi j ch"]
[Site "Eibar"]
[Date "2012.??.??"]
[Round "1.2"]
[White "Laseca Arana, Irati"]
[Black "Barrio Ugidos, Ainhoa"]
[Result "1/2-1/2"]
[WhiteElo "1500"]
[BlackElo "1735"]

1. e4 c5 2. Nf3 e6 3. d4 cxd4 4. Nxd4 a6 5. Be3 b5 6. Bd3 Bb7 7. O-O Nf6 8. Nd2
Be7 9. f4 d6 10. c3 Nbd7 11. b4 Nb6 12. e5 Nfd5 13. Qf3 Rc8 14. Rac1 Ba8 15.
Qg3 g6 16. Ne4 Na4 17. Bd2 Qb6 18. Kh1 Nb2 19. a3 h5 20. Rc2 h4 21. Qf3 Nxd3
22. Qxd3 h3 23. gxh3 Qb7 24. exd6 Nxb4 25. axb4 Qxe4+ 26. Qxe4 Bxe4+ 27. Kg1
Bxc2 28. dxe7 Be4 29. Re1 Bb7 30. Re3 Rc7 31. Kf2 Rxe7 32. Kg3 Rd7 33. h4 Rd5
34. Be1 Ke7 35. Re2 Kf6 36. Re3 e5 37. fxe5+ Rxe5 38. Rxe5 Kxe5 39. Kg4 Rc8 40.
Kg5 Bd5 41. Ne2 Rc4 42. Nc1 Bf3 43. Nd3+ 1/2-1/2

[Event "Euskadi j ch"]
[Site "Eibar"]
[Date "2012.??.??"]
[Round "1.3"]
[White "Ochoa De Eribe Martinez, Daniel"]
[Black "Vicente Ezeiza, Mikel"]
[Result "0-1"]
[WhiteElo "1849"]
[BlackElo "1616"]

1. e4 d5 2. exd5 Qxd5 3. Nc3 Qa5 4. d4 Bf5 5. Nf3 e6 6. Bd2 c6 7. Bc4 Nf6 8.
O-O Nbd7 9. Re1 Qc7 10. Qe2 O-O-O 11. Ne5 Nxe5 12. dxe5 Ng4 13. Bf4 Bc5 14. Bg3
h5 15. Ne4 Bd4 16. Nd6+ Kb8 17. c3 Bb6 18. Nxf5 exf5 19. e6 f4 20. e7 Rde8 21.
Bh4 f3 22. Qxf3 Qxh2+ 23. Kf1 Qxh4 24. Bxf7 Nh2+ 25. Ke2 Nxf3 26. Bxe8 Qxf2+
27. Kd3 Nxe1+ 0-1

[Event "Euskadi j ch"]
[Site "Eibar"]
[Date "2012.??.??"]
[Round "1.4"]
[White "Berdote Alonso, Carlos"]
[Black "Jimenez Almeida, Luis David"]
[Result "0-1"]
[WhiteElo "1690"]
[BlackElo "2043"]

1. c4 g6 2. g3 Bg7 3. Bg2 f5 4. Nf3 Nf6 5. O-O d6 6. d4 O-O 7. Nc3 Nc6 8. Bg5
Ne4 9. Be3 Nxc3 10. bxc3 e5 11. dxe5 dxe5 12. Bc5 Re8 13. Qxd8 Rxd8 14. Rfd1
Be6 15. Nd2 e4 16. Rac1 Ne5 17. e3 Nd3 18. Rb1 Nxc5 0-1

[Event "Euskadi j ch"]
[Site "Eibar"]
[Date "2012.04.11"]
[Round "2.2"]
[White "Vicente Ezeiza, Mikel"]
[Black "Berdote Alonso, Carlos"]
[Result "0-1"]
[WhiteElo "1616"]
[BlackElo "1690"]

1. Nc3 d5 2. e4 e6 3. Nf3 Nf6 4. exd5 exd5 5. d4 Be7 6. Bd3 Nc6 7. h3 O-O 8.
Bf4 a6 9. a3 Re8 10. O-O Nh5 11. Bxc7 Qxc7 12. Nxd5 Qd6 13. c4 Nf4 14. Nb6 Rb8
15. c5 Qh6 16. d5 Bxh3 17. dxc6 Bxg2 18. Nh2 Bxc6 19. Re1 Bxc5 20. Nc4 Rxe1+
21. Qxe1 Nxd3 0-1

[Event "Euskadi j ch"]
[Site "Eibar"]
[Date "2012.04.11"]
[Round "2.3"]
[White "Barrio Ugidos, Ainhoa"]
[Black "Ochoa De Eribe Martinez, Daniel"]
[Result "0-1"]
[WhiteElo "1735"]
[BlackElo "1849"]

1. e4 c5 2. Nf3 Nc6 3. d4 cxd4 4. Nxd4 Nf6 5. Nc3 e5 6. Ndb5 d6 7. Bg5 a6 8.
Na3 b5 9. Nd5 Be7 10. Bxf6 Bxf6 11. c3 Bg5 12. Nc2 O-O 13. h4 Bh6 14. a4 bxa4
15. Rxa4 a5 16. Nce3 Bxe3 17. Nxe3 Rb8 18. Nc4 Be6 19. b3 d5 20. exd5 Bxd5 21.
Rh3 e4 22. Ra2 Be6 23. Rd2 Qe7 24. Re3 f5 25. Qc2 Bf7 26. Be2 Ne5 27. Nxe5 Qxe5
28. c4 Rfd8 29. Qc3 Qc7 30. h5 h6 31. Rg3 Be6 32. Qf6 Re8 33. Rd6 Qf7 34. Qxh6
Rxb3 35. Rg6 Rb1+ 36. Kd2 Rb2+ 37. Kd1 Rb1+ 38. Kd2 Rb2+ 39. Ke1 Rb1+ 40. Bd1
f4 41. Qg5 Bxc4 42. Rxg7+ Qxg7 43. Rg6 Qxg6 44. Qxg6+ Kf8 45. h6 Rd8 46. Qf6+
$138 Ke8 47. Qc6+ Rd7 48. Qc8+ Rd8 49. Qc6+ Rd7 50. Qg6+ Bf7 0-1

[Event "Euskadi j ch"]
[Site "Eibar"]
[Date "2012.04.11"]
[Round "2.4"]
[White "Ostolozaga Barragan, Eneko"]
[Black "Laseca Arana, Irati"]
[Result "1-0"]
[WhiteElo "1734"]
[BlackElo "1500"]

1. e4 c5 2. Nf3 d6 3. d4 cxd4 4. Nxd4 Nf6 5. Nc3 a6 6. Bc4 e6 7. Bb3 Be7 8. O-O
O-O 9. a4 Bd7 10. Be3 Nc6 11. f4 Nxd4 12. Bxd4 Bc6 13. Qe2 Qa5 14. Qe3 Qh5 15.
Qg3 Qg6 16. Qxg6 hxg6 17. Rae1 Rfd8 18. Bb6 Rd7 19. h3 Bd8 20. Bd4 Ba5 21. Bxf6
gxf6 22. g4 Kg7 23. f5 gxf5 24. gxf5 e5 25. Rf3 Rg8 26. Kh2 Kf8 27. Re2 Ke7 28.
Nd5+ Bxd5 29. Bxd5 Bb6 30. Rg2 Rxg2+ 31. Kxg2 Rc7 32. c4 Bd4 33. b3 b6 34. Rg3
Bb2 35. Rg8 Rd7 36. Kg3 Rd8 37. Rxd8 Kxd8 38. Bxf7 Ke7 39. Bd5 Kf8 40. Kg4 Kg7
41. b4 Bc3 42. a5 bxa5 43. b5 axb5 44. cxb5 Bd4 45. Kf3 Kh6 46. Ke2 Kg5 47. Kd3
Kh4 48. Ba2 Kxh3 49. Kc4 Kg4 50. Kd5 Bc5 51. Kc6 Kf4 52. Bb1 a4 53. b6 Bxb6 54.
Kxb6 a3 55. Kc6 a2 56. Bxa2 Kxe4 57. Bb1+ 1-0

[Event "Euskadi j ch"]
[Site "Eibar"]
[Date "2012.04.12"]
[Round "3.2"]
[White "Ochoa De Eribe Martinez, Daniel"]
[Black "Ostolozaga Barragan, Eneko"]
[Result "1-0"]
[WhiteElo "1849"]
[BlackElo "1734"]

1. e4 c5 2. Nc3 Nc6 3. g3 g6 4. Bg2 Bg7 5. d3 d6 6. f4 e6 7. Nf3 Nge7 8. O-O
O-O 9. Be3 Rb8 10. Rb1 b5 11. e5 dxe5 12. fxe5 Nd4 13. Ne4 Nef5 14. Bf2 Nxf3+
15. Bxf3 Bxe5 16. Nxc5 Qc7 17. d4 Rd8 18. c3 Bd6 19. Ne4 Be7 20. g4 Nd6 21. Bg3
Bb7 22. Qe1 Bxe4 23. Bxe4 Qb6 24. Bg2 Rd7 25. Kh1 b4 26. Rd1 Rc8 27. d5 exd5
28. Bxd5 Rf8 29. cxb4 Ne8 30. a3 Nf6 31. Bf3 Rxd1 32. Qxd1 a5 33. Qe2 Re8 34.
bxa5 Qxa5 35. Bc6 1-0

[Event "Euskadi j ch"]
[Site "Eibar"]
[Date "2012.04.12"]
[Round "3.3"]
[White "Berdote Alonso, Carlos"]
[Black "Barrio Ugidos, Ainhoa"]
[Result "1-0"]
[WhiteElo "1690"]
[BlackElo "1735"]

1. d4 d5 2. Nf3 Nf6 3. c4 c6 4. Nc3 dxc4 5. e4 b5 6. Qc2 e6 7. a4 b4 8. Nd1 Ba6
9. Bg5 b3 10. Qc1 Qa5+ 11. Bd2 Qb6 12. e5 Nd5 13. Bxc4 Bb4 14. O-O O-O 15. Ne3
Rd8 16. Bxb4 Nxb4 17. Ra3 c5 18. dxc5 Qxc5 19. Bxa6 N8xa6 20. Rxb3 Qa5 21. Ra3
Nd3 22. Qb1 Nxe5 23. Nxe5 Qxe5 24. b4 Rab8 25. b5 Nc5 26. Rc1 Ne4 27. Nc4 Qd4
28. Re3 Ng5 29. Na5 Qxa4 30. Nc6 Rxb5 31. Qa1 Qxa1 32. Rxa1 Rd6 33. Ne5 f6 34.
h4 Rxe5 35. Rxe5 Nh3+ 36. gxh3 fxe5 37. Rxa7 h6 38. Kg2 Rd4 39. Re7 Rd6 40. Kf3
Kf8 41. Rb7 Rd4 42. Kg3 Rf4 43. Rc7 h5 44. Rb7 Rf5 45. Rc7 e4 46. Rc4 Rf3+ 47.
Kg2 Rf4 48. Kg3 e5 49. Rc5 Rf5 50. Rc4 Rf4 51. Rc5 Rf3+ 52. Kg2 Rf5 53. Rc4 Rf4
54. Rc5 Rxh4 55. Rxe5 g6 56. Kg3 e3 57. f4 g5 58. Rxg5 e2 59. Re5 1-0

[Event "Euskadi j ch"]
[Site "Eibar"]
[Date "2012.04.12"]
[Round "4.2"]
[White "Barrio Ugidos, Ainhoa"]
[Black "Jimenez Almeida, Luis David"]
[Result "0-1"]
[WhiteElo "1735"]
[BlackElo "2043"]

1. e4 e6 2. d4 d5 3. exd5 exd5 4. Nf3 Bd6 5. c4 Qe7+ 6. Be2 Bb4+ 7. Bd2 Nf6 8.
O-O Bxd2 9. Nbxd2 Be6 10. Re1 O-O 11. Rc1 c6 12. Bd3 Qc7 13. c5 Nbd7 14. Nf1
Rfe8 15. h3 b6 16. cxb6 axb6 17. a3 c5 18. Bb1 c4 19. Ng3 g6 20. Rc3 b5 21. Ng5
Nf8 22. Rce3 Qf4 23. Nf3 Qd6 24. Qd2 Reb8 25. Ne2 b4 26. axb4 Qxb4 27. Ra3 Rxa3
28. Qxb4 Rxb4 29. bxa3 Ra4 30. Rc1 Rxa3 31. Nc3 N8d7 32. Ng5 Rb3 33. Kf1 Nb8
34. Ke1 Nc6 35. Nf3 Ne8 36. Nd2 Nxd4 37. Nxb3 Nxb3 38. Rd1 d4 39. Nb5 d3 40.
Bxd3 cxd3 41. Rxd3 Nf6 42. Rd8+ Kg7 43. Nd6 Nc5 44. Ne8+ Nxe8 45. Rxe8 Bd5 46.
f3 Kf6 47. Kf2 h5 48. g4 hxg4 49. fxg4 Be6 50. Rb8 Bd7 51. Ra8 Nd3+ 52. Kg3 Ke5
53. Ra7 Be6 54. Re7 Nc5 55. h4 Ne4+ 56. Kf3 Nf6 57. h5 gxh5 58. gxh5 Nxh5 59.
Rxf7 Bxf7 60. Ke3 Bc4 61. Kf3 Nf6 62. Ke3 Nd5+ 63. Kf3 Kf5 64. Kg3 Be2 65. Kf2
Bh5 66. Kg3 Bg4 67. Kf2 Kf4 68. Kf1 Bf3 69. Kf2 Nc3 70. Ke1 Ne4 71. Kf1 Kg3 72.
Ke1 Bg4 73. Kf1 Kf3 74. Ke1 Ke3 75. Kf1 Nf6 76. Ke1 Nh5 77. Kf1 Nf4 78. Ke1 Bf3
79. Kf1 Be2+ 80. Kg1 Kf3 81. Kh1 Kg3 0-1

[Event "Euskadi j ch"]
[Site "Eibar"]
[Date "2012.04.12"]
[Round "4.3"]
[White "Ostolozaga Barragan, Eneko"]
[Black "Berdote Alonso, Carlos"]
[Result "1-0"]
[WhiteElo "1734"]
[BlackElo "1690"]

1. e4 e6 2. d4 d5 3. e5 c5 4. Qg4 cxd4 5. Bd3 Nc6 6. Nf3 Nge7 7. O-O Ng6 8. Re1
Qc7 9. Qg3 Bd7 10. a3 Qb6 11. Nbd2 a5 12. c4 dxc3 13. bxc3 Rc8 14. h4 a4 15. c4
Qa5 16. Bb2 Nge7 17. Rad1 Na7 18. cxd5 exd5 19. Nd4 Qb6 20. Rb1 Qh6 21. N2f3 b5
22. Ng5 Qb6 23. e6 fxe6 24. Ndxe6 Bxe6 25. Nxe6 Qb8 26. Be5 Qb6 27. Nxf8 Rxf8
28. Bxg7 Rf7 29. Qg4 Qxf2+ 30. Kh1 Qf4 31. Bxb5+ Kd8 32. Qd7# 1-0

[Event "Euskadi j ch"]
[Site "Eibar"]
[Date "2012.04.12"]
[Round "4.4"]
[White "Laseca Arana, Irati"]
[Black "Ochoa De Eribe Martinez, Daniel"]
[Result "0-1"]
[WhiteElo "1500"]
[BlackElo "1849"]

1. e4 c5 2. Nf3 Nc6 3. Bb5 d6 4. e5 e6 5. d4 cxd4 6. Nxd4 Bd7 7. exd6 Nxd4 8.
Bxd7+ Qxd7 9. Qxd4 Qxd6 10. Qa4+ Qc6 11. Qxc6+ bxc6 12. Be3 Nf6 13. O-O Be7 14.
Nd2 O-O 15. Bg5 h6 16. Bh4 Rfd8 17. Rad1 Rd5 18. Ne4 g5 19. Nxf6+ Bxf6 20. Bg3
Bxb2 21. Rxd5 cxd5 22. Rb1 Bd4 23. Rb8+ Rxb8 24. Bxb8 Kf8 25. g4 Ke7 26. Kf1 e5
27. c3 Bxc3 28. Bxa7 Kd6 29. f3 d4 30. Ke2 Ba5 31. Kd3 Kc6 32. Kc4 Bb6 33. Bb8
Bc7 34. Ba7 Bd6 35. h3 Kb7 36. Bxd4 exd4 37. Kxd4 Kc6 38. Ke4 Kd7 39. Kf5 Ke7
40. a4 Bb4 41. f4 gxf4 42. Kxf4 Kf6 43. h4 Kg6 44. Ke4 Be1 45. Kf3 Bxh4 46. a5
Bg5 0-1

[Event "Euskadi j ch"]
[Site "Eibar"]
[Date "2012.04.13"]
[Round "5.2"]
[White "Berdote Alonso, Carlos"]
[Black "Laseca Arana, Irati"]
[Result "1-0"]
[WhiteElo "1690"]
[BlackElo "1500"]

1. d4 d5 2. c4 e6 3. Nf3 Nf6 4. Nc3 c6 5. Bf4 Nbd7 6. e3 Be7 7. Rc1 b6 8. cxd5
cxd5 9. Nb5 O-O 10. a3 a6 11. Bc7 Qe8 12. Nd6 Bxd6 13. Bxd6 a5 14. Bxf8 Qxf8
15. Bd3 Bb7 16. O-O Rc8 17. Rxc8 Qxc8 18. Qc1 Qb8 19. Qc2 h6 20. Rc1 Ne8 21.
Bb5 Qd8 22. Qa4 Nef6 23. b4 Kf8 24. h3 Kg8 25. Nd2 Nb8 26. bxa5 bxa5 27. Nb3
1-0

[Event "Euskadi j ch"]
[Site "Eibar"]
[Date "2012.04.13"]
[Round "5.3"]
[White "Jimenez Almeida, Luis David"]
[Black "Ostolozaga Barragan, Eneko"]
[Result "1-0"]
[WhiteElo "2043"]
[BlackElo "1734"]

1. d4 d5 2. Nf3 c6 3. c4 Nf6 4. e3 e6 5. Nbd2 Nbd7 6. Bd3 dxc4 7. Nxc4 b5 8.
Nce5 Bb7 9. a4 a6 10. Qb3 Nxe5 11. Nxe5 Nd7 12. O-O Bd6 13. f4 Bxe5 14. fxe5
O-O 15. Bd2 Qb6 16. a5 Qa7 17. Qc2 h6 18. b4 Rac8 19. Rf4 c5 20. bxc5 Nxc5 21.
dxc5 Rxc5 22. Qb2 Rd8 23. Be4 Rc4 24. Bxb7 Rxf4 25. Bf3 Rc4 26. Re1 Qc5 27. Bd1
Qc7 28. Bb4 Qc6 29. Bd6 Qd7 30. Bb3 Rc6 31. Rd1 Qa7 32. Rd4 Rdc8 33. h3 Rc3 34.
Kf2 g6 35. Bb4 R3c7 36. Rf4 Qb7 37. Qa2 Qc6 38. Bd6 Rd7 39. Rf3 Kg7 40. Kg1
Qc1+ 41. Kh2 Qc6 42. Bxe6 fxe6 43. Qxe6 Qb7 44. Rf6 Rxd6 45. Rxg6+ Kh7 46.
Rxh6+ Kg7 47. exd6 Rc2 1-0

[Event "Euskadi j ch"]
[Site "Eibar"]
[Date "2012.04.13"]
[Round "5.4"]
[White "Vicente Ezeiza, Mikel"]
[Black "Barrio Ugidos, Ainhoa"]
[Result "1-0"]
[WhiteElo "1616"]
[BlackElo "1735"]

1. Nc3 c5 2. Nf3 Nc6 3. d4 cxd4 4. Nxd4 g6 5. e4 Bg7 6. Be3 Nf6 7. Be2 O-O 8.
Qd2 d5 9. exd5 Nxd5 10. Nxd5 Qxd5 11. Bf3 Qd7 12. Nxc6 bxc6 13. Qxd7 Bxd7 14.
O-O-O Bf5 15. g4 Be6 16. Bxc6 Rac8 17. Bd7 Rb8 18. b3 Rb7 19. Bxe6 fxe6 20. Rd3
Be5 21. h4 a5 22. Re1 Bd6 23. Bd4 Rf4 24. f3 Rd7 25. Re4 Rf8 26. Bc5 Rfd8 27.
Bxd6 Rxd6 28. Rxd6 Rxd6 29. Re5 Rd5 30. Rxe6 Kf7 31. Re3 g5 32. c4 Rc5 33. h5
h6 34. Kd2 e5 35. Kd3 Ke6 36. a3 Rc8 37. Kc3 Ra8 38. Rd3 Rf8 39. c5 Ke7 40. Kc4
Rf4+ 41. Kb5 e4 42. Re3 Rxf3 43. Rxe4+ Kd8 44. Kc4 a4 45. bxa4 Rxa3 46. Kb5 1-0

[Event "Euskadi j ch"]
[Site "Eibar"]
[Date "2012.04.14"]
[Round "6.2"]
[White "Ostolozaga Barragan, Eneko"]
[Black "Vicente Ezeiza, Mikel"]
[Result "1-0"]
[WhiteElo "1734"]
[BlackElo "1616"]

1. e4 d5 2. exd5 Qxd5 3. Nc3 Qa5 4. d4 Bf5 5. Nf3 e6 6. Bd2 c6 7. Bc4 Nf6 8. d5
cxd5 9. Nxd5 Qc5 10. Bb5+ Nbd7 11. Nxf6+ gxf6 12. Bxd7+ Kxd7 13. Bb4+ Qd5 14.
Qxd5+ exd5 15. Bxf8 Raxf8 16. Nd4 Bg6 17. O-O-O Rc8 18. Rd2 Rhe8 19. Rhd1 a6
20. c3 Bh5 21. f3 Re5 22. Ne2 Kc6 23. Nf4 Rd8 24. Nd3 Rd7 25. g4 Bg6 26. f4 Re4
27. f5 Rxg4 28. fxg6 fxg6 29. Nb4+ Kc5 30. Nxd5 Rf7 31. b4+ Kb5 32. Kb2 f5 33.
a4+ Kc6 34. b5+ axb5 35. Nb4+ Kb6 36. Rd6+ Ka5 37. R6d5 Rxb4+ 38. cxb4+ Kxb4
39. R1d4+ 1-0

[Event "Euskadi j ch"]
[Site "Eibar"]
[Date "2012.04.14"]
[Round "6.3"]
[White "Laseca Arana, Irati"]
[Black "Jimenez Almeida, Luis David"]
[Result "0-1"]
[WhiteElo "1500"]
[BlackElo "2043"]

1. e4 c6 2. d4 Na6 3. Nf3 d6 4. Nc3 Nc7 5. Bd3 g6 6. Be3 Bg7 7. O-O Nf6 8. h3
O-O 9. Qd2 b5 10. a3 a5 11. Bh6 Bb7 12. Bxg7 Kxg7 13. b4 Re8 14. e5 dxe5 15.
dxe5 Nfd5 16. Ne4 Ne6 17. Rfe1 Qb6 18. c4 Ndf4 19. Nc5 Red8 20. Nxe6+ Nxe6 21.
c5 Qc7 22. Qc3 Nf4 23. Be4 e6 24. Re3 Nd5 25. Bxd5 Rxd5 26. Kf1 Qd8 27. Ree1
Rd3 28. Qb2 Qd5 29. Qc2 axb4 30. axb4 Rb3 31. Rxa8 Bxa8 32. Rd1 Qc4+ 33. Qxc4
bxc4 34. Rc1 Rxb4 35. Nd2 Bb7 36. Ke1 Ba6 37. Rc3 Kh6 38. Ke2 Kg5 39. Ke3 Kf5
40. Nf3 g5 41. g4+ Kg6 42. Ke4 Rb2 43. Ke3 Rb5 44. Kd4 Rb1 45. Nd2 Rd1 46. Ke3
Re1+ 47. Kd4 Re2 48. Ne4 Rb2 49. Rf3 Rb7 50. Rf6+ Kg7 51. Nxg5 Rd7+ 52. Kc3 h6
53. Ne4 Rd5 54. f4 Rd3+ 55. Kc2 Bb5 56. Nd6 Ba4+ 57. Kc1 c3 58. Rxf7+ Kg8 59.
Kb1 Bb3 0-1

[Event "Euskadi j ch"]
[Site "Eibar"]
[Date "2012.04.14"]
[Round "6.4"]
[White "Ochoa De Eribe Martinez, Daniel"]
[Black "Berdote Alonso, Carlos"]
[Result "1-0"]
[WhiteElo "1849"]
[BlackElo "1690"]

1. e4 e5 2. Nf3 d6 3. d4 exd4 4. Nxd4 Be7 5. Nc3 Nf6 6. Bc4 a6 7. a4 Bd7 8. O-O
Nc6 9. h3 Qc8 10. f4 Rb8 11. e5 Nxd4 12. Qxd4 Nh5 13. Ne4 O-O 14. Be2 c5 15.
Qf2 d5 16. Nc3 g6 17. Nxd5 Bd8 18. Bxh5 gxh5 19. f5 Bc6 20. c4 Kh8 21. b3 b5
22. axb5 axb5 23. Bb2 f6 24. e6 Qb7 25. Qh4 Bxd5 26. cxd5 Qxd5 27. Rad1 Qxb3
28. Qxh5 Rb7 29. Rxd8 Rxd8 30. Bxf6+ Rg7 31. Bxg7+ Kxg7 32. Qf7+ Kh6 33. Qf6+
1-0

[Event "Euskadi j ch"]
[Site "Eibar"]
[Date "2012.??.??"]
[Round "7.2"]
[White "Jimenez Almeida, Luis David"]
[Black "Ochoa De Eribe Martinez, Daniel"]
[Result "1-0"]
[WhiteElo "2043"]
[BlackElo "1849"]

1. Nf3 d5 2. c4 c6 3. e3 Nf6 4. b3 e6 5. d4 Nbd7 6. Bd3 Bd6 7. Bb2 O-O 8. O-O
Re8 9. Ne5 c5 10. Nd2 Qc7 11. f4 b6 12. cxd5 exd5 13. Rc1 Bb7 14. g4 Ne4 15.
Nxe4 dxe4 16. Bc4 Re7 17. g5 Bxe5 18. dxe5 g6 19. Qd6 Qxd6 20. exd6 Ree8 21. f5
Rf8 22. fxg6 hxg6 23. Rf4 Rae8 24. Rcf1 Ne5 25. Bxe5 Rxe5 26. Rxf7 Rxg5+ 27.
Kh1 Rxf7 28. d7 Bd5 29. d8=Q+ 1-0

[Event "Euskadi j ch"]
[Site "Eibar"]
[Date "2012.??.??"]
[Round "7.3"]
[White "Vicente Ezeiza, Mikel"]
[Black "Laseca Arana, Irati"]
[Result "0-1"]
[WhiteElo "1616"]
[BlackElo "1500"]

1. e4 c5 2. Nf3 d6 3. d4 cxd4 4. Nxd4 Nf6 5. Nc3 a6 6. Be2 e5 7. Nf3 Be6 8. Nh4
Bd7 9. f4 Be7 10. O-O O-O 11. Kh1 Bc6 12. Nd5 Nbd7 13. Bc4 h6 14. Nf3 Nxe4 15.
fxe5 Nxe5 16. Bb3 Nc5 17. Re1 Nxb3 18. axb3 Bf6 19. Nxf6+ Qxf6 20. Nd4 Bd5 21.
Ra5 b5 22. Nxb5 axb5 23. Rxa8 Bxa8 24. Qe2 Qh4 25. Be3 Ng4 26. Bg1 Nf6 27. Bf2
Qg5 28. Bg3 Ne4 29. Qe3 Nxg3+ 30. hxg3 Qxe3 31. Rxe3 Rc8 32. c3 Kf8 33. Kg1 Re8
34. Rd3 Re2 35. Rxd6 Ke7 36. Rb6 Rxg2+ 37. Kf1 Rxb2 38. Rxb5 0-1

[Event "Euskadi j ch"]
[Site "Eibar"]
[Date "2012.??.??"]
[Round "7.4"]
[White "Barrio Ugidos, Ainhoa"]
[Black "Ostolozaga Barragan, Eneko"]
[Result "1-0"]
[WhiteElo "1735"]
[BlackElo "1734"]

1. e4 c5 2. Nf3 Nc6 3. d4 cxd4 4. Nxd4 Nf6 5. Nc3 e5 6. Ndb5 d6 7. Bg5 a6 8.
Na3 b5 9. Nd5 Be7 10. Bxf6 Bxf6 11. c3 Bg5 12. Nc2 O-O 13. a4 bxa4 14. Rxa4 a5
15. Bc4 Rb8 16. Ra2 Kh8 17. Nce3 Bxe3 18. Nxe3 g6 19. h4 Be6 20. g4 Qc7 21. Bd5
Bxd5 22. Nxd5 Qb7 23. Qf3 f5 24. h5 fxe4 25. Qxe4 Ne7 26. hxg6 Qxd5 27. g7+
Kxg7 28. Qxh7+ Kf6 29. Rh6+ Kg5 30. Qg7+ Kf4 31. Ra4+ e4 32. Qxe7 Rxb2 33. Qh4
Qb5 34. Qg3+ Kg5 35. Rh5+ 1-0